Fr. Conceicao Rodrigues College of Engineering

Security in IOT enabled spaces (Record no. 35994)

MARC details
000 -LEADER
fixed length control field 00253 a2200109 4500
000 - LEADER
fixed length control field nam a22 7a 4500
020 ## - INTERNATIONAL STANDARD BOOK NUMBER
International Standard Book Number 9781032599168
100 ## - MAIN ENTRY--PERSONAL NAME
Personal name Turjiman,Fadi AI
9 (RLIN) 108
245 ## - TITLE STATEMENT
Title Security in IOT enabled spaces
260 ## - PUBLICATION, DISTRIBUTION, ETC.
Name of publisher, distributor, etc. CRC
Date of publication, distribution, etc. 2019
264 ## - PRODUCTION, PUBLICATION, DISTRIBUTION, MANUFACTURE, AND COPYRIGHT NOTICE
Name of producer, publisher, distributor, manufacturer CRC

No items available.